| 000 | 00435nam a2200157 i 4500 | ||
|---|---|---|---|
| 001 | 35766 | ||
| 003 | ES-MaACL | ||
| 005 | 20230906155216.0 | ||
| 007 | t| | ||
| 008 | 030214s1909 fr ||||1| fre d | ||
| 100 | 1 |
_aBoulanger, A. _930895 |
|
| 245 | 1 | 0 |
_aHydraulique generale / _cpar A. Boulanger. |
| 260 |
_aParis : _bOctave Doin et Fils, _c1909 ( _eTours : _fMame) |
||
| 300 |
_a2 v. : _bil. ; _c18 cm. |
||
| 852 |
_aES-MaACL _jD-4378-9 |
||
| 999 |
_c35766 _d35766 |
||